| 000 | 00349nam a22001457a 4500 | ||
|---|---|---|---|
| 008 | 221201b ||||| |||| 00| 0 eng d | ||
| 020 | _a9780323058773 | ||
| 041 | _aeng | ||
| 080 |
_2FIFTH EDITION _a616.053 |
||
| 082 | _a616.053ALL | ||
| 100 | _a14.2 | ||
| 101 | _aPEDI | ||
| 245 |
_aCHILD WITH A CHRONIC CONDITION _cALLEN J P |
||
| 942 |
_2udc _cBK |
||
| 999 |
_c59062 _d59062 |
||